<?xml version="1.0" encoding="UTF-8"?>
<record
    xmlns:xsi="http://www.w3.org/2001/XMLSchema-instance"
    xsi:schemaLocation="http://www.loc.gov/MARC21/slim http://www.loc.gov/standards/marcxml/schema/MARC21slim.xsd"
    xmlns="http://www.loc.gov/MARC21/slim">

  <leader>00855nam a22002057a 4500</leader>
  <controlfield tag="003">BPGM</controlfield>
  <controlfield tag="008">260612e1998    mx cao|g |||| 001 0 spa d</controlfield>
  <datafield tag="040" ind1=" " ind2=" ">
    <subfield code="b">spa</subfield>
  </datafield>
  <datafield tag="041" ind1=" " ind2=" ">
    <subfield code="a">spa</subfield>
    <subfield code="h">spa</subfield>
  </datafield>
  <datafield tag="082" ind1="0" ind2="4">
    <subfield code="a">CQ /000/</subfield>
    <subfield code="b">007</subfield>
  </datafield>
  <datafield tag="245" ind1=" " ind2=" ">
    <subfield code="a">HERALDO DE NAVIDAD 1998</subfield>
  </datafield>
  <datafield tag="260" ind1=" " ind2=" ">
    <subfield code="a">M&#xC9;XICO</subfield>
    <subfield code="b"> PATRONATO DE LAS FIESTAS DEL ESTADO DE QUER&#xC9;TARO</subfield>
    <subfield code="c">1998</subfield>
  </datafield>
  <datafield tag="300" ind1=" " ind2=" ">
    <subfield code="a">391 p&#xE1;ginas </subfield>
    <subfield code="b">21.4 cm x 27.5 cm</subfield>
  </datafield>
  <datafield tag="336" ind1=" " ind2=" ">
    <subfield code="2">rdacontent</subfield>
    <subfield code="a">texto</subfield>
    <subfield code="b">txt</subfield>
  </datafield>
  <datafield tag="337" ind1=" " ind2=" ">
    <subfield code="2">rdamedia</subfield>
    <subfield code="a">sin mediaci&#xF3;n</subfield>
    <subfield code="b">n</subfield>
  </datafield>
  <datafield tag="338" ind1=" " ind2=" ">
    <subfield code="2">rdacarrier</subfield>
    <subfield code="a">volumen </subfield>
    <subfield code="b">nc</subfield>
  </datafield>
  <datafield tag="505" ind1=" " ind2=" ">
    <subfield code="a">es una edici&#xF3;n especial de la revista cultural queretana que recopila ensayos, relatos, poemas y cr&#xF3;nicas sobre la historia, tradiciones y vida social del estado de Quer&#xE9;taro. Su prop&#xF3;sito fue preservar la identidad cultural y ofrecer un panorama literario y art&#xED;stico de la &#xE9;poca.</subfield>
  </datafield>
  <datafield tag="650" ind1=" " ind2=" ">
    <subfield code="2">GENERALIDADES</subfield>
  </datafield>
  <datafield tag="942" ind1=" " ind2=" ">
    <subfield code="2">ddc</subfield>
    <subfield code="c">COLQ</subfield>
  </datafield>
  <datafield tag="952" ind1=" " ind2=" ">
    <subfield code="0">0</subfield>
    <subfield code="1">0</subfield>
    <subfield code="2">ddc</subfield>
    <subfield code="4">0</subfield>
    <subfield code="7">2</subfield>
    <subfield code="8">GENERAL</subfield>
    <subfield code="a">BPCEFC</subfield>
    <subfield code="b">BPCEFC</subfield>
    <subfield code="c">SALA QUER&#xC9;TARO ACCESO B PLANTA ALTA</subfield>
    <subfield code="d">2007-06-22</subfield>
    <subfield code="e">DONACI&#xD3;N</subfield>
    <subfield code="l">0</subfield>
    <subfield code="o">CQ /000/ 007 </subfield>
    <subfield code="r">2026-06-12 19:32:29</subfield>
    <subfield code="t">EJ.1</subfield>
    <subfield code="w">2026-06-12</subfield>
    <subfield code="y">COLQ</subfield>
  </datafield>
  <datafield tag="952" ind1=" " ind2=" ">
    <subfield code="0">0</subfield>
    <subfield code="1">0</subfield>
    <subfield code="2">ddc</subfield>
    <subfield code="4">0</subfield>
    <subfield code="7">2</subfield>
    <subfield code="8">GENERAL</subfield>
    <subfield code="a">BPCEFC</subfield>
    <subfield code="b">BPCEFC</subfield>
    <subfield code="c">SALA QUER&#xC9;TARO ACCESO B PLANTA ALTA</subfield>
    <subfield code="d">2007-06-22</subfield>
    <subfield code="e">DONACI&#xD3;N</subfield>
    <subfield code="l">0</subfield>
    <subfield code="o">CQ /000/ 007 </subfield>
    <subfield code="r">2026-06-12 19:32:29</subfield>
    <subfield code="t">EJ.2</subfield>
    <subfield code="w">2026-06-12</subfield>
    <subfield code="y">COLQ</subfield>
  </datafield>
  <datafield tag="952" ind1=" " ind2=" ">
    <subfield code="0">0</subfield>
    <subfield code="1">0</subfield>
    <subfield code="2">ddc</subfield>
    <subfield code="4">0</subfield>
    <subfield code="7">2</subfield>
    <subfield code="8">GENERAL</subfield>
    <subfield code="a">BPCEFC</subfield>
    <subfield code="b">BPCEFC</subfield>
    <subfield code="c">SALA QUER&#xC9;TARO ACCESO B PLANTA ALTA</subfield>
    <subfield code="d">2007-06-22</subfield>
    <subfield code="e">DONACI&#xD3;N</subfield>
    <subfield code="l">0</subfield>
    <subfield code="o">CQ /000/ 007 </subfield>
    <subfield code="r">2026-06-12 19:33:30</subfield>
    <subfield code="t">EJ.3</subfield>
    <subfield code="w">2026-06-12</subfield>
    <subfield code="y">COLQ</subfield>
  </datafield>
  <datafield tag="952" ind1=" " ind2=" ">
    <subfield code="0">0</subfield>
    <subfield code="1">0</subfield>
    <subfield code="2">ddc</subfield>
    <subfield code="4">0</subfield>
    <subfield code="7">2</subfield>
    <subfield code="8">GENERAL</subfield>
    <subfield code="a">BPCEFC</subfield>
    <subfield code="b">BPCEFC</subfield>
    <subfield code="c">SALA QUER&#xC9;TARO ACCESO B PLANTA ALTA</subfield>
    <subfield code="d">2007-06-22</subfield>
    <subfield code="e">DONACI&#xD3;N</subfield>
    <subfield code="l">0</subfield>
    <subfield code="o">CQ /000/ 007 </subfield>
    <subfield code="r">2026-06-12 19:34:11</subfield>
    <subfield code="t">EJ.4</subfield>
    <subfield code="w">2026-06-12</subfield>
    <subfield code="y">COLQ</subfield>
  </datafield>
  <datafield tag="999" ind1=" " ind2=" ">
    <subfield code="c">68603</subfield>
    <subfield code="d">68603</subfield>
  </datafield>
</record>
